Регионална библиотека "Любен Каравелов" - Русе

Басни (Запис номер 106755)

MARC детайли
000 -Лидер
Контролно поле с фиксирана дължина 01426nam a2200385 c 4500
003 - Код на организацията, давaща контролен номер
Контролно поле BLK
005 - Дата и час на последна редакция
Контролно поле 20250716143512.0
008 - Елементи от данни с фиксирана дължина
fixed length control field 180409b bul|||||r ||||||| ||bul||
020 ## - Международен стандартен номер на книга ISBN
Международен стандартен номер на книга ISBN 954-657-497-Х
020 ## - Международен стандартен номер на книга ISBN
Международен стандартен номер на книга ISBN 9789546574978
040 ## - Източник на каталожния запис
Идентификатор на билиотеката - собственик на записа BLK
041 ## - Код за език
Код за езика на текст/звукозапис или на отделно заглавие Български
Код за езика КДБФ Български
080 ## - УДК
Текстов определител УДК Френска литература
УДК код - определител по УДК 821.133.1
УДК определител -93-342
УДК - код + определител 821.133.1-93-342
080 ## - УДК
Текстов определител УДК Френска литература
УДК код - определител по УДК 821.133.1
УДК определител -93-191
УДК - код + определител 821.133.1-93-191
100 1# - Редна дума - Автор
Автор Лафонтен, Жан дьо
Авторска отговорност първи автор
R(LIN) 87853
139 ## - Редно поле
Редна дума Лафонтен, Жан дьо
Авторски знак Лаф - Л 28
245 10 - Сведения за заглавието
Заглавие Басни
Редно поле (дума) Жан дьо Лафонтен; ил. Мирослава Николова.
257 ## - Страна на издаване
Страна на създаване/издаване Франция
260 ## - Област на издателските данни
Име на издателя, разпространителя и проч. ПАН
Година на издаване 2004
Печатница София : Балкан прес
Място на издаване, разпространение и проч. София
300 ## - Физическа характеристика
Страници 80 с.
Илюстрации и др. с ил.
Размери/Мащаб 20 см
380 ## - Жанр
Жанр Детска худож. лит.
490 ## - СЕРИИ (Колекции)
Име на серия Любими книги
490 ## - СЕРИИ (Колекции)
Име на серия Мога да чета сам!
9 (RLIN) 205154
500 ## - Общи забележки
Забележка Ориг. загл. Fables / Jean de La Fontaine. - Офс. изд. - Съдържа и Баснописецът. - доп. тир. 2012. - 111 с.
700 1# - Други автори (авторска отговорност)
Лично име Николова, Мирослава
Автороска отговорност (Описва отношението между автора и произведението) ил.
9 (RLIN) 373929
852 ## - Местоположение
Форматна сигнатура Цб 218789
856 4# - Електронен адрес и достъп
Електронен формат pdf - файл
856 4# - Електронен адрес и достъп
Електронен формат pdf - файл
942 ## - АРТИКУЛИ
Вид на библиотечния материал Книги
Скрит в OPAC Не
Koha issues (borrowed), all copies 20
944 ## - СЪЗДАВАНЕ И РЕДАКЦИЯ на ЗАПИСА
Създаване/Редакция Създаване
Дата на регистрацията/редакция 30.03.2004
Статус, дата на статуса Русанова Ирена
Служител, извършил регистрацията/редакцията 30542
944 ## - СЪЗДАВАНЕ И РЕДАКЦИЯ на ЗАПИСА
Създаване/Редакция Редакция
Дата на регистрацията/редакция 14.02.2014
Статус, дата на статуса ф /
999 ## - СИСТЕМНИ КОНТРОЛНИ НОМЕРА
Koha biblionumber 106755
Koha biblioitemnumber 106755
999 ## - СИСТЕМНИ КОНТРОЛНИ НОМЕРА
Koha biblioitemnumber 106755
999 ## - СИСТЕМНИ КОНТРОЛНИ НОМЕРА
Koha biblioitemnumber 106755
999 ## - СИСТЕМНИ КОНТРОЛНИ НОМЕРА
Koha biblioitemnumber 106755
Наличности
Код за отписване Код за изгубен артикул Код за повреда Коз за рестрикции Код за отдаване Артикулен № Име на библиотеката - собственик Име на библиотеката, в която се намира в момента Статус (Текущо местоположение) Дата на вписване в системата Местоположение - отдел Цена в лева Инвентарен номер Систематично азбучна сигнатура Баркод Номер на екземпляра Цена в евро Служебна бележка Служебен тип на артикула Източник на класификационната схема
Изтеглен Не е изгубен Не е повреден без рестрикции заемане за дома 172255 Регионална библиотека "Любен Каравелов" Русе Регионална библиотека "Любен Каравелов" Русе Детски отдел 2004-03-30 Детски отдел 1.72 120000684165 ДХ 820/899/Л 28 120000684165 1 0.88 Дост: Pk Вид: Ф N: 11249 Дата: 18.03.2004 Дата инв: 14.08.2015 Бележки инв: Д2015 Книги  
Изтеглен Не е изгубен Не е повреден без рестрикции заемане за дома 172256 Регионална библиотека "Любен Каравелов" Русе Регионална библиотека "Любен Каравелов" Русе Детски отдел 2004-03-30 Детски отдел 1.72 120000684166 ДХ 820/899/Л 28 120000684166 2 0.88 Дост: Pk Вид: Ф N: 11249 Дата: 18.03.2004 Дата инв: 04.08.2015 Бележки инв: Д2015 Книги  
Изтеглен Не е изгубен Не е повреден без рестрикции заемане за дома 172257 Регионална библиотека "Любен Каравелов" Русе Регионална библиотека "Любен Каравелов" Русе Детски отдел 2004-03-30 Подвързия, Комплектуване 1.72 120000684167 ДХ 820/899/Л 28 120000684167 3 0.88 Дост: Pk Вид: Ф N: 11249 Дата: 18.03.2004 Дата инв: 17.08.2015 Бележки инв: Д2015 Книги Universal Decimal Classification
  Не е изгубен Не е повреден без рестрикции ползва се в читалня 172258 Регионална библиотека "Любен Каравелов" Русе Регионална библиотека "Любен Каравелов" Русе Хранилище 2006-01-16 Хранилище 2.50 120000699365 Цб 218789 120000699365 4 1.28 Дост: Dp Вид: Д N: 1 Дата: 08.12.2004 Книги  
Изтеглен Не е изгубен Не е повреден без рестрикции заемане за дома 172259 Регионална библиотека "Любен Каравелов" Русе Регионална библиотека "Любен Каравелов" Русе Детски отдел 2014-01-07 Детски отдел 2.50 120000773130 ДХ 820/899/Л 28 120000773130 5 1.28 Дост: DA Вид: А N: 1 Дата: 07.01.2014 Книги Universal Decimal Classification
  Не е изгубен Не е повреден   заемане за дома 975411 Регионална библиотека "Любен Каравелов" Русе Регионална библиотека "Любен Каравелов" Русе Детски отдел 2025-06-10 Детски отдел 3.50 120000920396 821-93/Л 28 Ж 120000920396   1.79   Книги Universal Decimal Classification
Vip Innovations Ltd, Rousse, Bulgaria 2025